Contract Farming; Protecting Interests Of Small And Marginal Farmers In India/ (Record no. 201916)

MARC details
000 -LEADER
fixed length control field 00706nam a22001937a 4500
005 - DATE AND TIME OF LATEST TRANSACTION
control field 20240403115920.0
010 ## - LCCN (DPL NO)
LC control number ENG-140029
020 ## - INTERNATIONAL STANDARD BOOK NUMBER
International Standard Book Number 9789378313738
Terms of availability 750.00
035 ## - SYSTEM CONTROL NUMBER
System control number EN-123561
037 ## - SOURCE OF ACQUISITION
Source of stock number/acquisition DBAD
082 ## - DEWEY DECIMAL CLASSIFICATION NUMBER
Classification number 338.1
100 ## - MAIN ENTRY--PERSONAL NAME
Personal name Faizi Amir Afaque Ahmad
Dates associated with a name 2015
245 ## - TITLE STATEMENT
Title Contract Farming; Protecting Interests Of Small And Marginal Farmers In India/
Statement of responsibility, etc By Amir Afaque Ahmad Faizi And Tamanna Maqbool Shah
260 ## - PUBLICATION, DISTRIBUTION, ETC. (IMPRINT)
Place of publication, distribution, etc New Delhi
Name of publisher, distributor, etc Centre For Rural Studies
Date of publication, distribution, etc 2015
270 ## - ADDRESS
Address B-7 Saraswati Complerx ,Subhash Chowk, Laxmi Nagar
City New Delhi
Postal code 110092
300 ## - PHYSICAL DESCRIPTION
Extent 230pg;
Dimensions 22cm(Pb)
700 ## - ADDED ENTRY--PERSONAL NAME
Personal name Shah,Tamanna Maqbool
9 (RLIN) 64265
942 ## - ADDED ENTRY ELEMENTS (KOHA)
Source of classification or shelving scheme Dewey Decimal Classification
Item type English Books
Classification part 338.1
Call number suffix FAX
Holdings
Withdrawn status Lost status Not for loan Collection code Home library Current library Date acquired Source of acquisition Cost, normal purchase price Full call number Barcode Copy number Cost, replacement price Koha item type
      Non-fiction Bawana Bawana 03/04/2024 DBAD 750.00 338.1 FAX EN-123561 1 750.00 English Books

© Delhi Public Library
Hit Counter
free hit counter